Countries With Exactly Two Official Languages - Statistics

General Stats
  • This quiz has been taken 24 times
  • The average score is 4 of 7
Answer Stats
Answer % Correct
Canada
86%
Belgium
82%
Finland
77%
Ireland
64%
Malta
41%
Fiji
32%
Vanuatu
14%
No matching quizzes found
Score Distribution
Percent of People with Each Score
Percentile by Number Answered
Your Score History
You have not taken this quiz